Molecular pathogenesis of herpesvirus infection

Bibliographic Details
Main Author: Rajčáni, Július, 1937- (Author)
Format: Book
Language:English
PhysicalDescription:243 strán fotografie, grafy, tabuľky 22 cm
Published: Saarbrücken LAP LAMBERT Academic Publishing 2016
ISBN:9783659820410
Subjects:

MARC

LEADER 00000cam a2200000 4500
001 vtls011992580
003 SK-MaSNL
005 20260302061246.0
008 210701s2016 gw od frn 000 0 eng
015 |a SNBZSA2021/01 
020 |a 9783659820410  |q (brožované) 
035 |a urn:nbn:sk:snk-am00ffuc 
035 |a urn:nbn:sk:snk-am3is7d 
035 |a AE609FD7-3EDA-4596-A495-D0FD1BC24456 
040 |a SNK  |b slo  |c SNK  |e rda 
041 0 |a eng 
044 |a gw  |c DE 
072 7 |a 616  |x Patológia. Klinická medicína  |2 konspekt 
080 |a 616‑092  |2 2011 
080 |a 615.371  |2 2011 
080 |a (048.8)  |2 2011 
100 1 |a Rajčáni, Július,  |d 1937-  |4 aut  |9 39647 
245 1 0 |a Molecular pathogenesis of herpesvirus infection  |c Julius Rajčáni 
264 1 |a Saarbrücken  |b LAP LAMBERT Academic Publishing  |c 2016 
300 |a 243 strán  |b fotografie, grafy, tabuľky  |c 22 cm 
336 |a text  |b txt  |2 rdacontent 
337 |a bez média  |b n  |2 rdamedia 
338 |a zväzok  |b nc  |2 rdacarrier 
504 |a Obsahuje bibliografiu na strane 214-242 
650 0 7 |a patogenéza  |2 SNKPH  |9 83591 
650 0 7 |a herpetické vírusy  |2 SNKPH  |9 221012 
650 0 7 |a vakcíny  |2 SNKPH  |9 16481 
650 0 7 |a Pathogenesis  |2 SNKPHeng  |9 359967 
650 0 7 |a Herpesviruses  |2 SNKPHeng  |9 719861 
650 0 7 |a Vaccines  |2 SNKPHeng  |9 316960 
655 7 |a monografie  |2 SNKPH  |9 70139 
655 7 |a Monographs  |2 SNKPHeng  |9 120675 
919 |a 978-3-659-82041-0 
958 |a OND 
958 |a NB 
958 |a MI 
958 |a ZS 
999 |c 1124608  |d 1126538 
952 |a SNK  |b SNK  |y PREZ  |7 0  |p 17A1442973  |o snkSC 190332  |i snk2020/16499  |8 0  |g 71.19  |0 0  |1 0  |4 0  |d 2020-09-18  |f 1  |l 0  |r 2025-10-07 00:00:00  |w 2026-02-24